100 Cities by Letter - R - Statistics

General Stats
  • This quiz has been taken 19 times
  • The average score is 22 of 100
Answer Stats
Hint Answer % Correct
Europe's largest seaport Rotterdam
75%
Capital of Saskatchewan province, and site of the deadliest tornado in Canadian history Regina
69%
Vancouver suburb, or former capital of the Confederacy (U.S. Civil War) Richmond
69%
Sugarloaf Mountain, Guanabara Bay, and Copacabana Beach are famous places in this city Rio de Janeiro
69%
Largest city on the Arabian peninsula Riyadh
69%
City in Minnesota state or New York state Rochester
69%
Largest city in the Research Triangle area, and home to North Carolina State University Raleigh
63%
City of a same-named island in the Dodecanese, home to one of the Seven Wonders of the Ancient World Rhodes
63%
The "City of Seven Hills", "Eternal City", or the county seat of Floyd County (NW GA) Rome
63%
"The Biggest Little City in the World", located near Lake Tahoe Reno
56%
"Gateway to the Black Hills" and second largest city in South Dakota state Rapid City
50%
Northernmost capital city of a sovereign state Reykjavík
50%
Capital of a southwestern Russian oblast, in which the Don river flows through Rostov-on-Don
50%
Prefecture (capital) of Normandy region, and home to a famous cathedral Rouen
50%
Fifth largest city in Wisconsin, located on Lake Michigan Racine
44%
Main seaport of Croatia, and voted the 2020 European Capital of Culture Rijeka
44%
Largest Inland Empire city, and home to a University of California campus Riverside
44%
Major Virginian (state) city in the Blue Ridge mountains Roanoke
44%
Largest city in Illinois state outside of the Chicago metropolitan area Rockford
44%
Birthplace of Lionel Messi, and the largest city in Santa Fe province Rosario
44%
Islamabad's twin city, and the third largest city in Punjab province Rawalpindi
38%
Largest city in Marne department, and was the traditional site of the coronation of French kings Reims
38%
Lies on an eponymous gulf, on the Baltic Sea Riga
38%
Capital of the "Nature Island of the Caribbean" Roseau
38%
Largest city in Mecklenburg-Vorpommern state, and home of the Hanse Sail festival Rostock
38%
City in New Mexico where a 1947 "incident" occured Roswell
38%
Fourth largest city in Pennsylvania state, home to a famous pagoda Reading
31%
City located between Calgary and Edmonton Red Deer
31%
Major city in the Shasta Cascade region of northern California Redding
31%
City in eastern Bavaria (state) with the biggest medieval city site north of the Alps Regensburg
31%
Prefecture (capital) of Brittany region, and cultural center for the Gallo language Rennes
31%
This western Ukrainian city's flag features a "Three Gates" emblem Rivne
31%
City part of the Greater Austin metropolitan area, home of the Texas Rangers AAA affiliate Round Rock
31%
In 2025, the United Nations indicated this city in the Gaza Strip has been "levelled" Rafah
25%
This city in Emilia-Romagna is connected to the Adriatic sea by the Candiano Canal Ravenna
25%
Capital of Pernambuco state, and formerly known as Mauritsstad (capital of Dutch Brazil) Recife
25%
Located on the "toe" of the Italian peninsula, where Gianni Versace is from Reggio Calabria
25%
Third largest city in New Mexico state, and part of the Albuquerque metropolitan area Rio Rancho
25%
Located across the Bou Regreg river from Salé, and has a famous medina (World Heritage Site) Rabat
19%
Capital of Chhattisgarh state, located on the Mahanadi river Raipur
19%
Capital of Jharkhand state, known as the "City of Waterfalls" Ranchi
19%
Capital of Gilan province, known as the "City of Silver Rain" Rasht
19%
Town in Berkshire (ceremonial county), located in the Thames Valley Reading
19%
Capital of Chaco province, and twin city to Corrientes Resistencia
19%
Tamaulipas (state) city located across the Rio Grande river from Hidalgo, Texas Reynosa
19%
Major inner suburb of Dallas, and home to the Telecom Corridor Richardson
19%
Major seaport in Shandong province well known for its sustainability Rizhao
19%
Capital of Podkarpackie (Subcarpathian) voivodeship Rzeszów
19%
Kaba Gandhi No Delo (Kaba Gandhi's Residence) is located in this Gujarati city Rajkot
13%
City in northern Bangladesh near the India border, located on the Padma river Rajshahi
13%
Capital of O'Higgins region, located near El Teniente (world's largest underground copper mine) Rancagua
13%
Capital of a same-named province on the Gulf of Thailand, and main producer of Thailand's fish sauce Rayong
13%
City in northern Beni department at the confluence of the Beni and Madre de Dios rivers Riberalta
13%
City in KwaZulu-Natal province with the deepest natural harbor on the African continent Richards Bay
13%
Capital of Acre state, and located on the Acre river Rio Branco
13%
Capital of Santa Cruz province, and birthplace of former Argentinian president Néstor Kirchner Río Gallegos
13%
Capital of La Guajira department, located on the Caribbean Sea Riohacha
13%
This city and Santana do Livramento (Rio Grande do Sul state) form an international city of almost 170,000 inhabitants Rivera
13%
Coastal capital of a same-named province in northeastern Turkey Rize
13%
Capital of the British Virgin Islands, located on Tortola island Road Town
13%
City in central Queensland state on the Fitzroy river Rockhampton
13%
Third largest city in Mato Grosso state, near the Pantanal region Rondonópolis
13%
Major suburb of Nairobi, home of Tatu City Ruiru
13%
Capital of Kavango-East region and located on the Namibia-Angola border Rundu
13%
Located across the Danube from Giurgiu, known as "Little Vienna" Ruse
13%
Home to a famous Kremlin (not "the really famous one"), this Russian city sits on the Oka river Ryazan
13%
Largest city in Masovian voivodeship other than Warsaw Radom
6%
Capital of Al Anbar governorate (aka Anbar province), within the Sunni Triangle Ramadi
6%
Largest TOWN in New York state outside of Long Island (would be 12th largest city) Ramapo
6%
This city in San Bernardino county, east of Los Angeles, has a notable wine-making history Rancho Cucamonga
6%
Sixth largest city in Denmark and home to a notable Danish football club Randers
6%
Sixth largest city in the U.A.E., and capital of a same-named Emirate Ras al-Khaimah
6%
Historic city in western Thailand, and capital of a same-named province Ratchaburi
6%
Capital of a same-named province in northern Algeria, successor to the historic city of Mina Relizane
6%
Major suburb of Belo Horizonte Ribeirão das Neves
6%
This city in northeastern São Paulo state means "Black Creek" Ribeirão Preto
6%
City in northern Transnistria (breakaway Moldovan state) Rîbnița | Rybnitsa
6%
Queens (New York City) neighborhood nicknamed "Little Guyana" and "Little Punjab" Richmond Hill
6%
Capital of Chimborazo province, located near the Chimborazo volcano Riobamba
6%
Notable suburb of Perth, home to the Catalpa Wild Geese memorial Rockingham
6%
City famous for Māori culture, geysers, and an eponymous lake Rotorua
6%
Planned city in Odisha, and important city for steel Rourkela
6%
Major suburb of Dakar, located at the base of the Cap-Vert peninsula Rufisque
6%
Jordanian city located between Amman and Zarqa Russeifa
6%
Largest city in North West province, located near the Magaliesberg mountain range Rustenburg
6%
Capital of White Nile state, located across the White Nile river from Kosti Rabak
0%
Capital of Kerman province, and one of the biggest producers of pistachios globally Rafsanjan
0%
City in southern Punjab province, originally named Noshehra Rahim Yar Khan
0%
The "Cultural Capital of Andhra Pradesh", located on the Godavari river Rajamahendravaram | Rajahmundry
0%
Capital of Vâlcea county, and site of the August 11, 1999 solar eclipse's maximum Râmnicu Vâlcea
0%
Name either (2) 200,000+ population municipalities now part of Johannesburg Randburg | Roodepoort
0%
Major city in the same-named northernmost division of Bangladesh Rangpur
0%
Coastal city in southwestern Maharashtra state famous for Alphonso mangoes Ratnagiri
0%
City in Santa Fe province, and twin city to Goya Reconquista
0%
City in Saint-Louis region, on the Senegal river Richard Toll
0%
Fifth largest city in Israel, located on the Mediterranean Rishon LeZion
0%
Fort Julien, where a famous stele was found in 1799, is located in this Mediterranean city Rosetta | Rashid
0%
Capital of Capiz province, and second largest city in the Western Visayas Roxas City
0%
City in Kostanay region on the Tobol river Rudny
0%
City in Al Batinah South governorate, within the Hajar mountains Rustaq
0%
No matching quizzes found
Score Distribution
Percent of People with Each Score
Percentile by Number Answered
Your Score History
You have not taken this quiz